Efektívnosť vývozu stavebných kapacít záverečná práca postgraduálneho štúdia
Saved in:
| Main Author: | |
|---|---|
| Corporate Author: | |
| Other Authors: | |
| Format: | Book |
| Language: | Slovak |
| Published: |
Bratislava
1990
|
| Tags: |
No Tags, Be the first to tag this record!
|
MARC
| LEADER | 00000nam a2200000 4500 | ||
|---|---|---|---|
| 001 | c031138 | ||
| 005 | 20221215070440.8 | ||
| 041 | 0 | |a slo | |
| 044 | |a SK | ||
| 245 | 1 | 0 | |a Efektívnosť vývozu stavebných kapacít |b záverečná práca postgraduálneho štúdia |c Karol Šaulič ; Ved. práce Karol Urbánek |
| 264 | 1 | |a Bratislava |c 1990 | |
| 300 | |a 41 s. | ||
| 100 | 1 | |a Šaulič, Karol | |
| 700 | 1 | |a Urbánek, Karol | |
| 710 | 2 | |a Vysoká škola ekonomická v Bratislave | |